Metal products : (Record no. 3625)

MARC details
000 -LEADER
fixed length control field 00517nam a2200145 4500
001 - CONTROL NUMBER
control field 4384
005 - DATE AND TIME OF LATEST TRANSACTION
control field 20181127173311.0
020 00 - INTERNATIONAL STANDARD BOOK NUMBER
International Standard Book Number
090 00 - LOCALLY ASSIGNED LC-TYPE CALL NUMBER (OCLC); LOCAL CALL NUMBER (RLIN)
Classification number (OCLC) (R) ; Classification number, CALL (RLIN) (NR) 248.27 A642m 2014
245 00 - TITLE STATEMENT
Title Metal products :
Remainder of title From the Himalayan kingdom of Bhutan catalogue - 2014 /
Statement of responsibility, etc. Agency for promotion of indigenous crafts.
Medium
260 00 - PUBLICATION, DISTRIBUTION, ETC.
Place of publication, distribution, etc. Thimphu :
Name of publisher, distributor, etc. Agency for promotion of indigenous crafts, Ministry of Economic Affairs, Thimphu.
Date of publication, distribution, etc. 2014.
300 00 - PHYSICAL DESCRIPTION
Extent 197 p. ; 22 cm.
500 00 - GENERAL NOTE
General note
650 00 - SUBJECT ADDED ENTRY--TOPICAL TERM
Topical term or geographic name entry element Buddhist art and symbolism Bhutan Exhibitions.
General subdivision
Holdings
Withdrawn status Lost status Source of classification or shelving scheme Damaged status Not for loan Collection code Home library Current library Shelving location Date acquired Serial Enumeration / chronology Inventory number Full call number Barcode Date last seen Copy number Price effective from Koha item type Public note
    Dewey Decimal Classification     Main TEST RTC Library RTC Library Main opac 02/07/2021 7940 739 MET 30006866 27/11/2018 1 27/11/2018 Main  
    Dewey Decimal Classification     Main TEST RTC Library RTC Library Main opac 02/07/2021 7683 739 MET 30008030 27/11/2018 2 27/11/2018 Main Donated 2015/16
Royal Thimphu College || All Right Reserved